El pozo de los ratones: y otros cuentos al calor del fogón
Guardat en:
| Autor principal: | |
|---|---|
| Format: | Llibre |
| Idioma: | espanyol |
| Publicat: |
Ciudad de México
Fondo de Cultura Económica
1996
|
| Edició: | 2a. ed |
| Col·lecció: | A la Orilla del Viento. Para los que Empiezan a Leer
|
| Matèries: | |
| Etiquetes: |
Afegir etiqueta
Sense etiquetes, Sigues el primer a etiquetar aquest registre!
|
MARC
| LEADER | 00000nam a2200000 a 4500 | ||
|---|---|---|---|
| 001 | UCG0168 | ||
| 003 | CL-VaPUC | ||
| 008 | 100312e19960000MX |||||||||||||||||spa|d | ||
| 020 | |a 9681649346 | ||
| 082 | 0 | 4 | |a Me863 |b COR |2 21 |
| 100 | 0 | |a Corona, Pascuala |e author |9 547561 | |
| 245 | 1 | 3 | |a El pozo de los ratones: y otros cuentos al calor del fogón |
| 250 | |a 2a. ed | ||
| 300 | |a 97 p | ||
| 942 | |c BK | ||
| 945 | |d 20100312 00:00:00 |a cmena | ||
| 260 | |a Ciudad de México |b Fondo de Cultura Económica |c 1996 | ||
| 650 | 0 | |a Cuentos mexicanos |9 310368 | |
| 650 | 0 | |a Literatura mexicana |9 313097 | |
| 650 | 0 | |a Cuentos infantiles |9 308044 | |
| 583 | |a last modification |c 20121105 04:01:45 |k Rodrigo Vera | ||
| 490 | 0 | |a A la Orilla del Viento. Para los que Empiezan a Leer | |
| 999 | |c 339915 |d 339913 | ||